| 000 | 00000nam##2200000za#4500 |
| 001 | 9.644395 |
| 003 | CaOODSP |
| 005 | 20210624224624 |
| 007 | cr ||||||||||| |
| 008 | 150407|2010||||xxc|||||o f|0| 0 fre|d |
| 040 | |aCaOODSP|bfre |
| 043 | |an-cn--- |
| 086 | 1 |aH128-1/10-599F-PDF |
| 110 | 1 |aCanada. |bSanté Canada.|bDirection générale de la santé environnementale et de la sécurité des consommateurs. |
| 245 | 10|aInformation utile lors d'une évaluation environnementale |h[ressource électronique] |
| 260 | |aOttawa - Ontario : |bSanté Canada. |cc2010. |
| 300 | |a18p. |
| 500 | |aLe n° de catalogue (H128-1/10-599F) et ISBN (978-1-100-93993-3) pour l'édition imprimée ont été copiés dans cette édition PDF. |
| 590 | |a15-05-Supp|b2015-03-31 |
| 775 | 08|tUseful information for environmental assessments |w(CaOODSP)9.700511 |
| 856 | 40|ahttp://publications.gc.ca|qPDF|s267 Ko|uhttps://publications.gc.ca/collections/collection_2015/sc-hc/H128-1-10-599-fra.pdf |